00335pab a2200121 454500008004000000100001800040245006200058260000900120300001400129362000800143650001800151773004400169180718b2008 xxu||||| |||| 00| 0 eng d aAbhinav Kumar aTowards patentability of essentially biological processes c2008 ap.129-38. aMar aBiotechnology aJournal of Intellectual Property Rights